000 00494nam a2200145Ia 4500
008 100122s9999 xx 000 0 und d
082 _b28958
_a821
100 _aप्रभुदेसाई वि बा
245 _aउषाहरन- कथा
260 _bमुंुबई मराठी संशोधक मंडळ मु.म.ग्र.सं.
_c1905
300 _a65
630 _aउषाहरन- कथा
730 _aउषाहरन- कथा
942 _cBOOK
999 _c414435
_d414432